000 00794nmm a2200265 a 4500
001 ocm0001520758
003 TR-IsHL
005 20201028163055.0
008 170206s2015 tu tur
007 cr cn
020 _a9786054908196
035 _a1520758
_b(N$T)
050 0 4 _aPL248.G67
_bC5 2015
090 0 4 _aPL248.G67
_bC5 2015
100 1 _aGörel, Feramuz
245 1 0 _aÇivi 1
_h[electronic resource] /
_cFeramuz Görel
260 _aİstanbul :
_bMercan Kitap,
_c2015
300 _a320 p.
650 4 _aDil ve Edebiyat
650 4 _aLanguage and Literature
650 0 _aTürk şiiri
650 0 _aTurkish poetry
650 7 _aPOETRY / Middle Eastern
_2bisacsh
856 4 0 _uhttp://search.ebscohost.com/login.aspx?direct=true&scope=site&db=e011xww&AN=1520758
999 _c15148
_d15148